000 00915nam a2200241Ia 4500
008 130821s1973 mx gr spa
040 _aCo-BoUCM
_bspa
041 _aspa
100 1 _aRamos-Oliveira, Antonio
245 _aHistoria social y política de Alemania
_cAntonio Ramos-Oliveira.
250 _a3a. ed. (corregida, aumentada y puesta al día)
260 _aMéxico D.F. (México)
_bFondo de Cultura Económica
_c1973
300 _a2 volúmenes
490 _aBreviarios del Fondo de Cultura Económica
_v71
650 0 4 _aHistoria de Europa
_926509
651 _aAlemania (República Democrática)
_xHistoria
651 _aAlemania (República Federal)
_xHistoria
651 _aAlemania
_xHistoria política
_926738
651 _aAlemania
_xHistoria
_926738
651 _aAlemania
_xHistoria
_xUnificación
_y1990
_926738
942 _cLIBRO
_a21
_e3
_mR15
_2DEWEY
_h943
999 _c16189
_d16189